000 00545ntaaa2200205 4500
003 01
005 20251027201845.0
008 0714s1973 ag 01
040 _aAR-BaBN
_bspa
_cAR-BaBN
_eaacr
_dRIC
082 _a248.1000 H38r
100 _aHendricks, William L.
_91822
245 _aResource unlimited
250 _a1 ed.
260 _aNashville :
_bStewardship Commision of the Southern Baptist Convention,
_cc1972
300 _a247 p
500 _aMayordomía cristiana
650 _amayordomía
650 _adiezmo
_94633
942 _cBK
999 _c13232
_d13232